000 00411 a2200133 4500
003 Nust
005 20170207164336.0
040 _cNust
082 _a799
245 _aComdt's (Brig Ali Farhan) Promotion Celebration, Photographs-2014
_cMCS
260 _aRawalpindi
_bMCS
_c12-02-2014
610 _aPictures of Comdt's (Brig Ali Farhan) Promotion Celebration,Photographs -2014,(CD No. 24 Vol.I)
651 _aSweet Memories-MCS
942 _cBK
999 _c208722
_d208722